000 00718nam a2200265 i 4500
001 16012
003 BD-RjUL
005 20211208235931.0
008 140211s1977 ilua 001 0 eng
020 _a0256016429
035 _a(BD-RjUL)16067
040 _aDLC
_cDLC
_dBD-RjUL
_beng
041 _aeng
082 0 0 _a658.8
_bHAM 1977
100 1 _aHansen, Harry L.
_d1911-1992.
_948288
245 1 0 _aMarketing :
_btext and cases /
_cHarry L. Hansen.
250 _a4th ed.
260 _aHomewood ; Ill. :
_bR. D. Irwin,
_cc1977.
300 _axiii, 882 p. :
_bill. ;
_c25 cm.
504 _aIncludes indexes.
650 0 _aMarketing.
_949594
942 _2ddc
_cBK
999 _c16012
_d16012